000 00304nam a2200109Ia 4500
008 220624s9999 xx 000 0 und d
020 _a1 8681 9192 3
082 _aAJF JOU
100 _aJoubert, Junita
_9107634
245 0 _aNIEK SIEN ALLES RAAK
942 _cBK
_w561
_xJohn Tresidder
_y
_zCRON CRON
999 _c686849
_d686848